| 000 | 00491nam a2200193 b 4500 | ||
|---|---|---|---|
| 001 | 00000000065857 | ||
| 003 | OSt | ||
| 005 | 20130620141958.0 | ||
| 008 | 020226s1972 arg 000 1 spa d | ||
| 040 |
_aBU-BP _cBMC |
||
| 082 | _aVe863.44 | ||
| 100 |
_aGallegos, Rómulo _9132 _d1884-1969 |
||
| 245 | 1 | 3 |
_aEl forastero _cRómulo Gallegos |
| 250 | _a3ª ed | ||
| 260 |
_aBuenos Aires _bEspasa-Calpe Argentina _c1972 |
||
| 300 |
_a227 p. _c18 cm |
||
| 490 |
_aAustral _v1101 |
||
| 942 |
_2ddc _cBK |
||
| 999 |
_c862 _d862 |
||